000 00498nam a2200157 i 4500
001 83868
003 ES-MaACL
005 20230906174915.0
007 t|
008 041118s1961 ja ||||1| eng d
100 1 _aIsida, Ryuziro.
_965567
245 1 0 _aGeography of Japan /
_cby Ryuziro Isida.
260 _aTokyo :
_bKokusai Bunka Shinkokai (The Society for International Cultural Relations),
_c1961.
300 _aXII, 124 p., 17 lám. :
_bil. ;
_c24 cm.
852 _aES-MaACL
_jC-26668
_bR.55499
999 _c83868
_d83868